[Event "Bogdan vs Skype, 2019.10.16"]
[Site "Skype"]
[Date "2019.10.16"]
[Round "?"]
[White "Lalic, Bogdan"]
[Black "Khabou, Taha"]
[Result "1/2-1/2"]
[WhiteElo "2418"]
[BlackElo "1426"]
[PlyCount "81"]
[EventDate "2019.??.??"]

1. d4 e6 2. e4 d5 3. Nd2 dxe4 4. Nxe4 Bd7 5. Nf3 Bc6 6. Bd3 Nd7 7. O-O Ngf6 8.
Ng3 Be7 9. c3 O-O 10. Re1 Bxf3 11. Qxf3 c6 12. a4 Qa5 13. b4 Qd5 14. Ne4 Qh5
15. Qxh5 Nxh5 16. a5 a6 17. Nc5 Nxc5 18. bxc5 Rfd8 19. Bf1 Nf6 20. Rb1 Rd7 21.
Rb3 Bd8 22. Ra3 Nd5 23. Be3 Nxc3 24. Rxc3 Bxa5 25. Rec1 Bxc3 26. Rxc3 Kf8 27.
f4 h6 28. h4 a5 29. Kf2 Ke7 30. Bc4 Rad8 31. g3 f5 32. Ke2 Kf6 33. Kd3 Ra8 34.
Ra3 a4 35. Bb3 Rdd8 36. Rxa4 Rxa4 37. Bxa4 Ra8 38. Bc2 Ra3+ 39. Ke2 Ra2 40. Kd3
Ra3+ 41. Ke2 1/2-1/2

[Event "Bogdan vs Skype, 2019.10.16"]
[Site "Skype"]
[Date "2019.10.16"]
[Round "?"]
[White "Trivedi, Viral"]
[Black "Lalic, Bogdan"]
[Result "0-1"]
[WhiteElo "1298"]
[BlackElo "2418"]
[PlyCount "58"]
[EventDate "2019.??.??"]

1. Nf3 c5 2. g3 Nc6 3. Bg2 e5 4. d3 g6 5. O-O Bg7 6. e4 Nge7 7. Nbd2 O-O 8. Re1
d6 9. Nf1 h6 10. Be3 f5 11. exf5 Nxf5 12. Qd2 Kh7 13. h4 Be6 14. N1h2 Qd7 15.
c3 Rae8 16. d4 exd4 17. cxd4 Ncxd4 18. Nxd4 Nxd4 19. Bxd4 Bxd4 20. Nf3 Rxf3 21.
Bxf3 Qf7 22. Be4 Rf8 23. Rf1 Bc4 24. Bd3 Qf3 25. Bxc4 Qxg3+ 26. Kh1 Qxh4+ 27.
Kg2 Qg4+ 28. Kh1 Rf3 29. Bg8+ Kg7 0-1

[Event "Bogdan vs Skype, 2019.10.16"]
[Site "Skype"]
[Date "2019.10.16"]
[Round "?"]
[White "Rosenkoetter, David"]
[Black "Lalic, Bogdan"]
[Result "0-1"]
[WhiteElo "1322"]
[BlackElo "2418"]
[PlyCount "108"]
[EventDate "2019.??.??"]

1. e4 c6 2. d4 d5 3. e5 Bf5 4. Nf3 e6 5. Be2 c5 6. c4 dxc4 7. Bxc4 Nc6 8. Be3
cxd4 9. Bxd4 Bb4+ 10. Nc3 Nge7 11. Rc1 Nxd4 12. Nxd4 O-O 13. Nxf5 Qxd1+ 14.
Rxd1 Bxc3+ 15. bxc3 Nxf5 16. Bd3 Rac8 17. Bxf5 exf5 18. Rc1 Rfe8 19. f4 f6 20.
O-O fxe5 21. fxe5 Rxe5 22. Rc2 g6 23. g3 Rc7 24. Rf3 h5 25. h4 Kf7 26. Kf2 Ke6
27. Re3 Rxe3 28. Kxe3 Rc4 29. Kd3 Rg4 30. Rg2 Kd5 31. c4+ Rxc4 32. Rb2 Rd4+ 33.
Ke3 b6 34. Rb5+ Kc4 35. Rb3 Re4+ 36. Kf2 b5 37. Ra3 Re7 38. Kf3 b4 39. Ra6 Rg7
40. Kf4 Kb5 41. Re6 a5 42. Re5+ Ka4 43. Re3 Rd7 44. Rb3 Rd2 45. Kg5 Rxa2 46.
Rf3 b3 47. Rf4+ Ka3 48. Rf3 Rg2 49. Kf4 Ka2 50. Ke3 b2 51. Rf2 Rxf2 52. Kxf2
b1=Q 53. Kg2 Qe4+ 54. Kh3 Qh1# 0-1

[Event "Bogdan vs Skype, 2019.10.16"]
[Site "Skype"]
[Date "2019.10.16"]
[Round "?"]
[White "Lalic, Bogdan"]
[Black "Maccaferri, Massimo"]
[Result "1-0"]
[WhiteElo "2418"]
[BlackElo "1074"]
[PlyCount "45"]
[EventDate "2019.??.??"]

1. c4 e5 2. Nc3 b6 3. Nf3 Nc6 4. g3 Bb7 5. Bg2 Qf6 6. Nd5 Qd6 7. d4 e4 8. Ng5
Nh6 9. Bf4 Qe7 10. Nxe7 Kxe7 11. Bxe4 Rb8 12. Bxc7 Rc8 13. d5 Nd8 14. d6+ Ke8
15. Bxb7 Nxb7 16. Qd5 Bxd6 17. Bxd6 Nxd6 18. Qxd6 Kd8 19. O-O-O Rxc4+ 20. Kb1
Rc7 21. Rc1 Rxc1+ 22. Rxc1 Re8 23. Rc7 1-0

[Event "Bogdan vs Skype, 2019.10.16"]
[Site "Skype"]
[Date "2019.10.16"]
[Round "?"]
[White "Ramirez, Luis Antonio"]
[Black "Lalic, Bogdan"]
[Result "0-1"]
[WhiteElo "1139"]
[BlackElo "2418"]
[PlyCount "36"]
[EventDate "2019.??.??"]

1. e4 e6 2. Nf3 d5 3. e5 c5 4. Bb5+ Bd7 5. Nc3 Bxb5 6. Nxb5 Qd7 7. a4 Nc6 8. c3
a6 9. Nd6+ Bxd6 10. exd6 Nf6 11. Qe2 Qxd6 12. d4 cxd4 13. cxd4 O-O 14. Bg5 Ne4
15. Be3 Qb4+ 16. Kd1 Rac8 17. Nd2 Nxd4 18. Qd3 Nc2 0-1

[Event "Bogdan vs Skype, 2019.10.16"]
[Site "Skype"]
[Date "2019.10.16"]
[Round "?"]
[White "Lucena Vaz, Jose"]
[Black "Lalic, Bogdan"]
[Result "0-1"]
[WhiteElo "1674"]
[BlackElo "2418"]
[PlyCount "62"]
[EventDate "2019.??.??"]

1. e4 e5 2. d3 Nc6 3. Nf3 Nf6 4. g3 d5 5. Nbd2 Be7 6. Bg2 O-O 7. O-O a5 8. Re1
dxe4 9. Nxe4 Nxe4 10. Rxe4 Bf5 11. Re1 Bd6 12. Ng5 Qd7 13. Bd5 Bb4 14. Bxc6
Qxc6 15. Bd2 f6 16. Bxb4 axb4 17. Ne4 Qd5 18. b3 c5 19. Qf3 Be6 20. Re3 Ra6 21.
Nd2 Qxf3 22. Nxf3 Bd5 23. Nh4 Rfa8 24. Nf5 Be6 25. Nh4 Rxa2 26. Rxa2 Rxa2 27.
Re2 Bxb3 28. Nf3 Rxc2 29. Rxc2 Bxc2 30. Ne1 b3 31. Kf1 b2 0-1

[Event "Bogdan vs Skype, 2019.10.16"]
[Site "Skype"]
[Date "2019.10.16"]
[Round "?"]
[White "Lalic, Bogdan"]
[Black "Hampton, Irene"]
[Result "1-0"]
[WhiteElo "2418"]
[BlackElo "1000"]
[PlyCount "51"]
[EventDate "2019.??.??"]

1. d4 d5 2. c4 dxc4 3. e4 Nf6 4. e5 Nfd7 5. Bxc4 e6 6. Nf3 Bb4+ 7. Nc3 O-O 8.
a3 Ba5 9. O-O Nc6 10. Bd3 f5 11. Re1 a6 12. b4 Bb6 13. d5 Ncxe5 14. Nxe5 Nxe5
15. Rxe5 Qd6 16. Bf4 Bd4 17. Rxf5 e5 18. Rxf8+ Kxf8 19. Bd2 g6 20. Rc1 Bf5 21.
Qf3 Kg7 22. Bxf5 gxf5 23. Qxf5 h6 24. Ne4 Qg6 25. Rxc7+ Kg8 26. Qxg6+ 1-0